Statistics for Coronavirus Update August 4th 2020

Click here to take the quiz!

General Stats

  • This quiz has been taken 8 times
  • The average score is 26 of 30

Answer Stats

CasesCountry% Correct
206,743Argentina
100%
244,020Bangladesh
100%
2,759,436Brazil
100%
117,333Canada
100%
362,962Chile
100%
84,464China
100%
327,850Colombia
100%
192,334France
100%
1,906,613India
100%
314,786Iran
100%
134,722Iraq
100%
248,419Italy
100%
280,461Pakistan
100%
433,100Peru
100%
861,423Russia
100%
281,456Saudi Arabia
100%
516,862South Africa
100%
349,894Spain
100%
234,934Turkey
100%
306,293United Kingdom
100%
4,888,389United States
100%
94,640Egypt
86%
212,331Germany
86%
443,813Mexico
86%
111,538Qatar
71%
87,963Ecuador
57%
115,056Indonesia
43%
112,593Philippines
43%
81,846Bolivia
29%
93,820Kazakhstan
29%

Score Distribution

Percentile by Number Answered

Percent of People with Each Score

Your Score History

You have not taken this quiz